1788 1938 1581 1626 1269 1145 1102 1495 1475 1400 1095 1240 1809 1407 1232 1366 1157 1012 1885 1122 1191 1560 1367 1197 1425 1308 1698 1480 1279 1733 1617 1531 1403 1511 1181 1442 1902 1666 1057 1111 1460 1003 1968 1665 1370 1758 1497 1760 1833 1187 1906 1386 1632 1075 1916 1172 1607 1534 1659 1822 1596 1015 1870 1993 1047 1716 1810 1760 1155 1130 1022 1447 1478 1203 1179 1166 1605 1869 1958 1176 1041 1958 1994 1292 1553 1219 1726 1203 1647 1341 1432 1602 1690 1511 1332 1652 1579 1225 1328 BCNSPRNW ULIB Ver.6.0+V

เปลี่ยนเป็นภาษาไทย

Change to English
 แสดงรายละเอียดบรรณานุกรม
  กลับหน้าหลัก

Brief Record : Get Marc (ISO 2709) : E-mail record : QR code < ปิดหน้าต่าง
LEADER : 00000nam 2200000uu 4500
001    13399111101
003     ULIB
008    110616s2552||||th 000 0 tha d
020    9745863998 (ล.2)
060 04 QT4^bส356 ล.2 2552
245 00 สรีรวิทยา 2 /^cโดยคณาจารย์ภาควิชาสรีรวิทยา คณะวิทยาศาสตร์มหาวิทยาลัยมหิดล ; คณะผู้จัดทำ, ชุมพล ผลประมูล ... [และคนอื่นๆ]
250    พิมพ์ครั้งที่ 4
260    กรุงเทพฯ :^bภาควิชาสรีรวิทยา คณะวิทยาศาสตร์มหาวิทยาลัยมหิดล,^c2552
650  7 สรีรวิทยา
700 0  ชุมพล ผลประมูล
710 2  มหาวิทยาลัยมหิดล. ^bคณะวิทยาศาสตร์. ^bภาควิชาสรีรวิทยา
945    ^p0^l0^i16935
945    ^p0^l0^i16934
945    ^p0^l0^i16933
945    ^p0^l0^i16932
945    ^p0^l0^i16931
945    ^p0^l0^i16930
995    กัณชพร
999    ^aใช้งานได้ทุกระบบ
รายการนี้ยังไม่มีแท็ก
คุณยังไม่ได้ล็อกอิน คุณสามารถมีกิจกรรมร่วมกับเว็บไซต์ได้ แต่ต้องล็อกอินก่อน ::
  ล็อกอิน

รายการสื่อสารสนเทศ

ลำดับที่ ประเภท เลขเรียก/บาร์โค้ด สถานที่ สถานะ
1. วิทยาศาสตร์การแพทย์ และสุขภาพ
วิทยาศาสตร์การแพทย์ และสุขภาพ
สถานะ=หนังสือเก่า
QT4 ส356 ล.2 2552  
  Barcode: 16930
ห้องสมุดวิทยาเขตนครสวรรค์
►ส่วนจัดเก็บหนังสือเก่า นว.
บนชั้น
  ขอยืม
2. วิทยาศาสตร์การแพทย์ และสุขภาพ
วิทยาศาสตร์การแพทย์ และสุขภาพ
QT4 ส356 ล.2 2552 ฉ.3 
  Barcode: 16932
ห้องสมุดวิทยาเขตนครสวรรค์
►ส่วนจัดเก็บหนังสือเก่า นว.
บนชั้น
  ขอยืม

รายการใกล้เคียง
    หัวเรื่อง [สรีรวิทยา]

BibComment


ยังไม่เคยถูกคอมเมนท์

คอมเมนท์ทรัพยากรรายการนี้
  คอมเมนท์: สรีรวิทยา 2 โดยค..


 Copyright 2026. Bcnsprnw @Library